| 000 | 00797nam a2200229Ia 4500 | ||
|---|---|---|---|
| 001 | 3130 | ||
| 003 | GE_BSU | ||
| 008 | 181216s||||||||xx |||||||||||||| ||und|| | ||
| 020 | _a5282018365 | ||
| 040 | _cGE_BSU | ||
| 080 | _a33(035) | ||
| 100 | _aАвторский колл: О.В. Амуржуев, Е.П. Голубков, Ю В Данилов и др. | ||
| 245 | _aЭкономика для всех.Популярный словарь | ||
| 245 | _cПод. научной ред. О.В. Амуржуева.; сост. и ред. Е.М.Ершова; | ||
| 260 | _aМосква | ||
| 260 | _bЭкономика | ||
| 260 | _c1997 | ||
| 300 | _a390 ст. 21 смю | ||
| 541 | _h12 Л. | ||
| 653 | _aЭкономика для всех.Популярный словарь | ||
| 942 | _cBK | ||
| 999 |
_c37174 _d37174 |
||